书目信息 |
| 题名: |
生成哲学
|
|
| 作者: | 金吾伦 著 | |
| 分册: | ||
| 出版信息: | 保定 河北大学出版社 2000 |
|
| 页数: | 250页 | |
| 开本: | 20cm | |
| 丛书名: | ||
| 单 册: | ||
| 中图分类: | N031 | |
| 科图分类: | ||
| 主题词: | 自然辩证法 | |
| 电子资源: | ||
| ISBN: | 7-81028-692-7 | |
| 000 | 00525nam0 2200193 45 | |
| 001 | 0401250069 | |
| 005 | 20040125001922.4 | |
| 010 | @a7-81028-692-7@dCNY16.00 | |
| 100 | @a20040125d2000 km y0chiy0120 ea | |
| 101 | 0 | @achi |
| 105 | @aa z 000yy | |
| 200 | 1 | @a生成哲学@ASheng Cheng Zhe Xue@f金吾伦著@FJin Wu Lun Zhu |
| 210 | @a保定@c河北大学出版社@d2000 | |
| 215 | @a250页@c照片@d20cm | |
| 606 | 0 | @a自然辩证法 |
| 690 | @aN031@v4 | |
| 701 | 0 | @a金吾伦@4著 |
| 801 | @aCN@bTSTCL@c20040125 | |
| 905 | @b332230-234@dN031@e110@f5 | |
| 生成哲学/金吾伦著.-保定:河北大学出版社,2000 |
| 250页:照片;20cm |
| ISBN 7-81028-692-7:CNY16.00 |
| ● |
| 相关链接 |
|
|
|
|
正题名:生成哲学
索取号:N031/110
 
预约/预借
| 序号 | 登录号 | 条形码 | 馆藏地/架位号 | 状态 | 备注 |
| 1 | 0332230 | 203322305 | 第三借阅区/ [索取号:N031/110] | 在馆 | |
| 2 | 0332231 | 203322314 | 第三借阅区/ [索取号:N031/110] | 在馆 | |
| 3 | 0332232 | 203322323 | 第三借阅区/ [索取号:N031/110] | 在馆 | |
| 4 | 0332233 | 203322332 | 第三借阅区/ [索取号:N031/110] | 在馆 | |
| 5 | 0332234 | 203322341 | 第二样本阅览室/ [索取号:N031/110] | 在馆 |